Những làng văn hóa văn nghệ dân gian đặc sắc của Tỉnh Thái Bình
.
Đã lưu trong:
| Tác giả chính: | |
|---|---|
| Định dạng: | Sách |
| Năm xuất bản: |
H.
Văn hóa thông tin
2014
|
| Chủ đề: | |
| Tags: |
Thêm thẻ
Không có thẻ, Hãy là người đầu tiên gắn thẻ bản ghi này!
|
| LEADER | 00702nam a2200169 4500 | ||
|---|---|---|---|
| 082 | |a 398.09 597 36 |b PH 104 M | ||
| 100 | |a Phạm Minh Đức | ||
| 245 | |a Những làng văn hóa văn nghệ dân gian đặc sắc của Tỉnh Thái Bình |c Phạm Minh Đức | ||
| 260 | |a H. |b Văn hóa thông tin |c 2014 | ||
| 300 | |a 423tr. |c 21cm | ||
| 520 | |a . | ||
| 653 | |a Văn hóa dân gian | ||
| 653 | |a Thái Bình | ||
| 653 | |a Việt Nam | ||
| 942 | |2 ddc |c SH | ||
| 999 | |c 5768 |d 5768 | ||
| 952 | |0 0 |1 0 |2 ddc |4 0 |6 398_090000000000000_597_36_PH_104_M |7 0 |8 300 |9 52702 |a qbu |b qbu |c D2 |d 2014-12-29 |g 84000 |o 398.09 597 36 PH 104 M |p 4909.C1 |r 0000-00-00 |w 2014-12-29 |y SH |0 0 |6 398_090000000000000_597_36_PH_ |0 0 |6 398_090000000000000_597_36_PH_ | ||